000 00703nam a2200193 i 4500
001 49140
003 ES-MaACL
005 20250722022924.0
007 t|
008 030708s1900 sp ||||1| spa d
100 1 _aVargas Ponce, José.
_9113210
245 1 0 _aCorrespondencia epistolar de Don José de Vargas y Ponce y otros, en materias de arte /
_ccolegida por Cesareo Fernández Duro.
260 _aMadrid :
_bReal Academia de Bellas Artes de San Fernando,
_c1900 (
_fVda. e Hijos de M. Tello)
300 _a348 p. ;
_c19 cm.
650 0 7 _aArte español
_2embne
_910189
700 1 _aFernández Duro, Cesáreo,
_d1830-1908
_949752
852 _aES-MaACL
_jF-6625
999 _c49140
_d49140